header

Countries at the crossroads (Record no. 184772)

MARC details
000 -LEADER
fixed length control field 01429nam a2200349Ia 4500
082 04 - DEWEY DECIMAL CLASSIFICATION NUMBER
Classification number 321.8
245 00 - TITLE STATEMENT
Title Countries at the crossroads
260 ## - PUBLICATION, DISTRIBUTION, ETC. (IMPRINT)
Place of publication Lanham, Md. :
Name of publisher Rowman & Littlefield Publishers,
Year of publication c2010.
300 ## - PHYSICAL DESCRIPTION
Number of Pages xi, 699 p.
650 #0 - SUBJECT ADDED ENTRY--TOPICAL TERM
Topical Term Democracy
Topical Term Representative government and representation
700 1# - ADDED ENTRY--PERSONAL NAME
Personal name Dizard, Jake.
Personal name Walker, Christopher,
Personal name Cook, Sarah,
856 40 - ELECTRONIC LOCATION AND ACCESS
Uniform Resource Identifier http://site.ebrary.com/lib/rucke/Doc?id=10404859

No items available.

© 2026 Rongo University
Contact us: librarian | system librarian | Rongo university